Largest Cities Containing 'H' - Statistics

General Stats
  • This quiz has been taken 260 times
    232 since last reset
  • The average score is 15 of 20
Answer Stats
Population Country City % Correct
30,900,000 China Shanghai
95%
26,400,000 India Delhi
91%
17,600,000 Bangladesh Dhaka
91%
13,700,000 Iran Tehran
91%
13,400,000 South Africa Johannesburg
90%
10,600,000 DR Congo Kinshasa
86%
9,800,000 United States Chicago
85%
47,700,000 China Guangzhou
85%
24,300,000 Pakistan Karachi
84%
8,250,000 Vietnam Ho Chi Minh City
83%
10,200,000 Pakistan Lahore
80%
10,000,000 India Chennai
79%
8,350,000 United States Washington, DC
74%
9,000,000 India Hyderabad
73%
7,450,000 India Ahmedabad
66%
8,000,000 China Wuhan
61%
9,600,000 China Chengdu
59%
8,300,000 China Hangzhou
46%
7,650,000 China Shenyang
38%
7,950,000 China Shantou
27%
No matching quizzes found
Score Distribution
Percent of People with Each Score
Percentile by Number Answered
Your Score History
You have not taken this quiz since the last reset